| 000 | 00330nam a22001337a 4500 | ||
|---|---|---|---|
| 020 | _a9781858284422 | ||
| 082 | _a004.678 KEN | ||
| 100 | _aKENNEDY ,ANGUS J. | ||
| 245 | _aThe Internet, the rough guided.5th ed | ||
| 260 |
_aNew York _bPearson _c1999 |
||
| 300 |
_ax,;501p _bill,;10cm |
||
| 500 | _aincludes index | ||
| 942 | _cBK | ||
| 999 |
_c15151 _d15151 |
||